000 00625nam a22001817a 4500
010 _aENG-119546
020 _a9788129001306
_c495.00
035 _aEN-103078
037 _bDBAD/PUB
082 _a305.43320954
100 _aSharma, Aarti
245 _aWomen's participation in panchayati raj :
_cby Aarti Sharma
_ba case study of haryana /
260 _aChandigarh
_bNew Era Book Agency
_c2016
270 _aSCO 49-51, Sector - 17 C, Post Box - 52
_bChandigarh
_e160017
300 _a120p.:
_c23cm(Hb)
_bill (map)
500 _a Includes bibliographical references
942 _2ddc
_cEN
_h305.43320954
_mSHA
999 _c143205
_d143205